| 000 | | | 03707nmc2a22000003x 450 |
| 001 | | | e833eb30-a565-4341-b082-9a6941c262b3 |
| 005 | | | 20181015220220.0 |
| 100 | ## | $a | 20161007l18491849k l0rusy0189 ca |
| 101 | 0# | $a | rus |
| 102 | ## | $a | RU |
| 200 | 1# | $a | Дело о переводе нижних чинов из евреев казанской полицейской команды в другие города, где нет батальонов военных кантонистов |
| | $j | 31 марта - 27 октября 1849 г. |
| 251 | ## | $c | Дело |
| 300 | ## | $a | Дело |
| 801 | #0 | $a | RU |
| | $b | РГИА |
| | $c | 20161007 |
| | $g | RCR |
| 801 | #1 | $a | RU |
| | $b | ГлавНИВЦ |
| | $c | 20161007 |
| | $2 | rusmarc |
| 801 | #2 | $a | RU |
| | $b | ПБ им. Б.Н. Ельцина |
| | $c | 20181015 |
| | $g | RCR |
| | $2 | rusmarc |
| 850 | ## | $a | РГИА |
| 852 | ## | $a | РГИА |
| | $e | Федеральное казенное учреждение "Российский государственный исторический архив" (РГИА) |
| | $j | 2237 |
| 937 | ## | $h | РГИА |
| | $d | 12217325 |
| | $a | ASBIBLIO_SCAN |
| 462 | #0 | $1 | 0011f2612a5-dcc7-4853-9c3b-606260869072 |
| | $1 | 2001 |
| | $a | 1848-1849 гг. Дела Департамента полиции исполнительной МВД за 1849 г. |
| | $1 | 251 |
| | $c | Опись |
| | $1 | 852 |
| | $j | 11 |
| 461 | #0 | $1 | 0013e300ed0-cd39-49af-8489-5ba5b90fa401 |
| | $1 | 2001 |
| | $a | Департамент полиции исполнительной МВД |
| | $1 | 251 |
| | $c | Фонд |
| | $1 | 852 |
| | $j | 1286 |
| 215 | ## | $a | 21 л. |
| | $d | 36,5х26 см |
| 371 | ## | $a | Документ не является опубликованным и широко распространяемым |
| 105 | ## | $a | y### |
| 122 | 2# | $a | d |
| 035 | ## | $a | e833eb30-a565-4341-b082-9a6941c262b3 |
| 856 | ## | $u | http://readingroom.main.prlib.ru/item.aspx?id_node=n119355912&mode=full |